| 000 | 00656nam a22002177a 4500 | ||
|---|---|---|---|
| 999 |
_c14255 _d14255 |
||
| 003 | AR-CdUCM | ||
| 008 | 190422b ||||| |||| 00| 0 spa d | ||
| 040 |
_aMUNICIPALIDAD PROVINCIAL DEL CUSCO _cBIBLIOTECA MUNICIPAL DEL CUSCO |
||
| 041 | _hfre | ||
| 082 |
_aPI / 376.1 / _bF76 |
||
| 110 |
_aEditions Auzou - Paris _932958 |
||
| 245 | _aLas formas / | ||
| 260 |
_aMéxico : _bSilver Dolphin, _c2014. |
||
| 300 |
_bilustraciones, _c16 cm. |
||
| 650 |
_aLiteratura infantil _9588 |
||
| 650 |
_aCuentos infantiles _93927 |
||
| 650 |
_aEducación _9460 |
||
| 700 |
_aQuiros, Gemma (traducción) _932959 |
||
| 942 |
_2ddc _cLIBROS |
||
| 945 |
_aachl _d2019-04-22 |
||